000 00968nam a2200229 i 4500
001 106578
003 ES-MaACL
005 20250827063219.0
007 t|
008 030321s1915 sp ||||1| spa d
080 _a338.47(460):656.2
100 1 _aCierva y Peñafiel, Juan de la,
_d1864-1938
_938791
245 1 4 _aLos problemas económicos :
_bI, el ferroviario : conferencias /
_cdadas por... Juan de la Cierva en el Círculo de la Unión Mercantil el 19 y el 27 de febrero de 1915.
260 _aMadrid :
_b[s.n.],
_c1915 (
_fTip. de la "Revista de Archivos")
300 _a127 p., [10] h. pleg. ;
_c15 cm.
530 _aDisponible en formato digital.
650 4 _aTransportes ferroviarios-
_zEspaña.
_9149654
710 2 _aCírculo de la Unión Mercantil e Industrial (Madrid)
_92827
852 4 _aES-MaACL
_jT-1443-F-7
856 4 _uhttp://bdh-rd.bne.es/viewer.vm?id=0000251660&page=1
_zBiblioteca Digital Hispánica
999 _c106578
_d106578